UBT Library

General, organic, and biological chemistry / (Record no. 42968)

000 -LEADER
fixed length control field 00535pam a2200205 a 4500
001 - CONTROL NUMBER
control field 970126
005 - DATE AND TIME OF LATEST TRANSACTION
control field 20180220094955.0
008 - FIXED-LENGTH DATA ELEMENTS--GENERAL INFORMATION
fixed length control field 850708s1986 caua 001 0 eng
010 ## - LIBRARY OF CONGRESS CONTROL NUMBER
LC control number 85015765
020 ## - INTERNATIONAL STANDARD BOOK NUMBER
International Standard Book Number 0805396306
040 ## - CATALOGING SOURCE
Original cataloging agency DLC
Transcribing agency DLC
Modifying agency DLC
041 ## - LANGUAGE CODE
Language code of text/sound track or separate title eng
080 ## - UNIVERSAL DECIMAL CLASSIFICATION NUMBER
Universal Decimal Classification number 540 WIL
082 00 - DEWEY DECIMAL CLASSIFICATION NUMBER
Classification number 540 WIL
Edition number 19
100 1# - Rafti
Rafti 12
101 ## - Shkurtesa
Shkurtesa KIM
245 10 - TITLE STATEMENT
Title General, organic, and biological chemistry /
Statement of responsibility, etc Michael S. Matta, Antony C. Wilbraham.
906 ## - LOCAL DATA ELEMENT F, LDF (RLIN)
a 7
b cbc
c orignew
d 1
e ocip
f 19
g y-gencatlg
942 ## - ADDED ENTRY ELEMENTS (KOHA)
Source of classification or shelving scheme
Item type Books
Holdings
Withdrawn status Lost status Source of classification or shelving scheme Damaged status Not for loan Collection code Permanent location Current location Shelving location Date acquired Total Checkouts Full call number Barcode Date last seen Price effective from Koha item type
          Koleksioni i përgjithshem UBT - Lipjan UBT - Lipjan Koleksioni i përgjithshem 02/20/2018   540 WIL 002-2999475 02/20/2018 02/20/2018 Books
UBT Library © 2015-2024. All rights reserved University Education for Business and Technology